000
00219nam a2200097Ia 4500
008
170627s9999 xx 000 0 und d
100
_a
GUPTA-SHASHI K.
245
0
_a
FINANNCIAL MANAGEMENT
260
_b
KALAYANI
260
_c
2010
546
_a
ENGLISH
999
_c
35771
_d
35771